[Event "Challenge"]
[Site "http://www.queenalice.com/game.php?id=1516417"]
[Date "2018.2.17"]
[Round "-"]
[White "Thibault"]
[Black "Cautor"]
[Result "0-1"]
[WhiteElo "1100"]
[BlackElo "1864"]

1. Nc3 d5 2. Nxd5 Qxd5 3. d4 Nc6 4. c4 Qxc4 5. b3 Qb4+ 6. Bd2 Qxd4 7. Bb4 Nxb4
8. Qxd4 Nc2+ 9. Kd1 Nxd4 10. e3 Bg4+ 11. Ke1 Nc2+ 12. Kd2 Nxa1 13. Kc1 g6 14.
Bb5+ c6 15. Bxc6+ bxc6 16. Kb1 Bg7 17. e4 O-O-O 18. e5 Bxe5 19. h3 Rd1# 0-1

[Event "Challenge"]
[Site "http://www.queenalice.com/game.php?id=1602980"]
[Date "2020.3.18"]
[Round "-"]
[White "Cautor"]
[Black "Thibault"]
[Result "0-1"]
[WhiteElo "1865"]
[BlackElo "1100"]

1. e4 Nf6 2. Qf3 e5 3. d4 Nc6 4. d5 Nd4 5. Qc3 Nxe4 6. Qxd4 c5 7. Qxe4 Be7 8.
Nf3 Bh4 9. g3 Bf6 10. Nc3 Qa5 11. Nxe5 Qc7 12. Nxf7+ Kxf7 13. Bc4 Be5 14. Qxe5
Qxe5+ 15. Be3 Qc7 16. d6+ Ke8 17. O-O Qxd6 18. Bxc5 Qxc5 19. Ne4 Qxc4 20. b3
Qxe4 21. c4 b6 22. b4 Bb7 23. c5 Qg2# 0-1

[Event "Challenge"]
[Site "http://www.queenalice.com/game.php?id=1602989"]
[Date "2020.3.18"]
[Round "-"]
[White "Thibault"]
[Black "parapunzi"]
[Result "0-1"]
[WhiteElo "1050"]
[BlackElo "2319"]

1. Nc3 d5 2. d4 Nf6 3. e4 Nxe4 4. Bb5+ c6 5. Ba4 Nxc3 6. bxc3 Qa5 7. Bxc6+ Nxc6
8. Nf3 Qxc3+ 9. Ke2 Qxa1 10. Ng5 Qxd4 11. Qxd4 Nxd4+ 12. Kd3 e5 13. Re1 f6 14.
Nf3 Bf5+ 15. Kd2 Nxc2 16. a4 Bb4+ 17. Kd1 Nxe1 18. Bd2 Nxf3 19. gxf3 Bxd2 20.
Kxd2 Rc8 21. h4 Rc2+ 0-1

[Event "Challenge"]
[Site "http://www.queenalice.com/game.php?id=1602991"]
[Date "2020.3.18"]
[Round "-"]
[White "Thibault"]
[Black "parapunzi"]
[Result "0-1"]
[WhiteElo "1050"]
[BlackElo "2318"]

1. Nc3 d5 2. d4 Bf5 3. e4 dxe4 4. Bb5+ c6 5. Ba4 e6 6. Bg5 Qxg5 7. h4 Qxg2 8.
Nh3 Qxh1+ 9. Kd2 Qxd1+ 10. Kxd1 Bxh3 11. Nxe4 Nf6 12. Nxf6+ gxf6 13. c4 Rg8 14.
Rc1 Rg1+ 15. Kd2 Bh6+ 16. Kc3 Rxc1+ 17. Kb4 Na6+ 18. Ka3 Bf8+ 19. Kb3 O-O-O 20.
c5 b5 0-1

[Event "AUTO-OPEN-4147"]
[Site "http://www.queenalice.com/game.php?id=1603054"]
[Date "2020.3.18"]
[Round "1"]
[White "parapunzi"]
[Black "Thibault"]
[Result "1-0"]
[WhiteElo "2320"]
[BlackElo "1050"]

1. e4 Nf6 2. e5 Nd5 3. c4 Nb4 4. a3 N4a6 5. d4 e6 6. Nc3 Nc6 7. b4 Be7 8. b5
Ncb4 9. bxa6 bxa6 10. axb4 Rb8 11. b5 a5 12. Bd3 Bb4 13. Ne2 O-O 14. O-O f5 15.
exf6 gxf6 16. Ne4 f5 17. Bg5 Qe8 18. N4g3 Qg6 19. Bd2 1-0

[Event "AUTO-OPEN-4147"]
[Site "http://www.queenalice.com/game.php?id=1603055"]
[Date "2020.3.18"]
[Round "1"]
[White "Thibault"]
[Black "parapunzi"]
[Result "0-1"]
[WhiteElo "1050"]
[BlackElo "2321"]

1. Nc3 d5 2. d4 Nf6 3. e3 e6 4. Bb5+ c6 5. Bxc6+ Nxc6 6. Nf3 b6 7. O-O Ba6 8.
Ne5 Nxe5 9. Bd2 Nc4 10. Be1 Nxb2 11. Qb1 Bxf1 12. Kxf1 Nc4 13. Qb3 Be7 14. Qa4+
Qd7 15. Qxd7+ Kxd7 16. f4 Nxe3+ 17. Kf2 Nxc2 18. Bd2 Nxa1 19. h4 Nc2 0-1

[Event "Challenge"]
[Site "http://www.queenalice.com/game.php?id=1603411"]
[Date "2020.3.21"]
[Round "-"]
[White "Thibault"]
[Black "rogers10"]
[Result "0-1"]
[WhiteElo "1100"]
[BlackElo "1717"]

1. Nc3 d5 2. e3 e6 3. d4 Nf6 4. Bb5+ Bd7 5. Bxd7+ Nbxd7 6. Nb5 c6 7. Nd6+ Bxd6
8. Bd2 Ne4 9. f3 Nxd2 10. Qxd2 a5 11. a4 Bb4 12. c3 Be7 13. g4 Nb6 14. Nh3 O-O
15. O-O-O Nc4 16. Qd3 e5 17. b3 Ba3+ 18. Kc2 Nb2 19. Qd2 Nxd1 20. Qxd1 b5 21.
Qa1 b4 22. cxb4 Bxb4 23. Qe1 Bxe1 24. Rxe1 exd4 25. exd4 Re8 26. Kd2 Rxe1 27.
Kxe1 Qf6 28. g5 Qxf3 29. Kd2 Qxh3 30. Kc2 Rb8 31. Kb2 Qxb3+ 32. Kc1 Qa2 33. h4
Rb1# 0-1

[Event "AUTO-OPEN-4149"]
[Site "http://www.queenalice.com/game.php?id=1603627"]
[Date "2020.3.22"]
[Round "1"]
[White "Givanildo"]
[Black "Thibault"]
[Result "1-0"]
[WhiteElo "1713"]
[BlackElo "1100"]

1. d4 e6 2. Bf4 Bb4+ 3. c3 Ba5 4. e3 Nc6 5. Bb5 Nce7 6. b4 Bb6 7. Nf3 Nf6 8. h3
a6 9. Ba4 O-O 10. O-O g5 11. Bxg5 Ng4 12. hxg4 d5 13. Ne5 1-0

[Event "AUTO-OPEN-4149"]
[Site "http://www.queenalice.com/game.php?id=1603628"]
[Date "2020.3.22"]
[Round "1"]
[White "Thibault"]
[Black "Givanildo"]
[Result "0-1"]
[WhiteElo "1100"]
[BlackElo "1711"]

1. Nc3 d5 2. e3 Bf5 3. Bb5+ c6 4. Ba4 e6 5. Qe2 a6 6. Nf3 h6 7. O-O Bd6 8. d4
Bg4 9. Nd2 Bxe2 10. Re1 Bh5 11. Rf1 Qh4 12. g3 Qg5 13. f4 Qg6 0-1

[Event "Challenge"]
[Site "http://www.queenalice.com/game.php?id=1603707"]
[Date "2020.3.22"]
[Round "-"]
[White "Thibault"]
[Black "Canaye"]
[Result "0-1"]
[WhiteElo "1100"]
[BlackElo "1817"]

1. d4 e6 2. e4 d5 3. Bb5+ Nc6 4. Bxc6+ bxc6 5. Qg4 Nf6 6. Qh5 Nxh5 7. g4 Nf6 8.
g5 Nxe4 9. b4 Bxb4+ 10. Kf1 Nxg5 11. h3 Ba6+ 12. Kg2 Qf6 13. Bd2 Bxd2 14. Nf3
Nxf3 0-1

[Event "Challenge"]
[Site "http://www.queenalice.com/game.php?id=1603708"]
[Date "2020.3.22"]
[Round "-"]
[White "Thibault"]
[Black "cavaliernoir"]
[Result "0-1"]
[WhiteElo "1100"]
[BlackElo "1599"]

1. d4 d5 2. e3 e6 3. Bb5+ Bd7 4. Bxd7+ Qxd7 5. Nf3 Bd6 6. Ng5 Qe7 7. Nf3 Nf6 8.
Ng5 O-O 9. h4 h6 10. Nf3 Ne4 11. Rh3 Nd7 12. Rg3 Nxg3 13. fxg3 Nf6 14. Bd2 Ne4
0-1

[Event "Challenge"]
[Site "http://www.queenalice.com/game.php?id=1604043"]
[Date "2020.3.24"]
[Round "-"]
[White "Thibault"]
[Black "minuitpile"]
[Result "0-1"]
[WhiteElo "1100"]
[BlackElo "1648"]

1. d4 e6 2. Bd2 d5 3. e3 Nc6 4. Bb5 Qd6 5. Qe2 Bd7 6. Qh5 Nf6 7. Ba5 Nxh5 8. Na3
Nxa5 9. Bxd7+ Qxd7 10. c4 Nxc4 11. Nxc4 Qb5 12. Ne5 Bb4+ 13. Kd1 Qa4+ 14. Ke2
Qc2+ 0-1

[Event "Challenge"]
[Site "http://www.queenalice.com/game.php?id=1604044"]
[Date "2020.3.24"]
[Round "-"]
[White "Thibault"]
[Black "CCapivara"]
[Result "0-1"]
[WhiteElo "1100"]
[BlackElo "2132"]

1. d4 d5 2. e3 Nf6 3. Bb5+ Bd7 4. Qe2 e6 5. a4 Bd6 6. h4 O-O 7. Rh3 c5 8. Rf3 e5
9. dxe5 Bxe5 10. Rf5 Bxf5 11. e4 Bxe4 12. h5 Nc6 13. Bg5 Nd4 14. Qg4 Nxg4 15. f3
Qxg5 0-1